000 00436nam a2200193Ia 4500
008 151119s9999||||xx |||||||||||||| ||und||
082 _a823.91
082 _bGKKV22581
100 _aENID BLYTON
245 _aGOOD OLD SECRET SEVEN
260 _a--
260 _b--
260 _c0
600 _aENID BLYTON
630 _aGOOD OLD SECRET SEVEN
700 _aENID BLYTON
730 _aGOOD OLD SECRET SEVEN
942 _cBOOK
999 _c1075309
_d1075306